| 000 | 00463nam a22001817a 4500 | ||
|---|---|---|---|
| 005 | 20250716122738.0 | ||
| 008 | 250716b |||||||| |||| 00| 0 eng d | ||
| 020 |
_a9781403919090 _qhbk |
||
| 041 | _aeng | ||
| 082 | _a823.914 CHI | ||
| 100 | _aChilds Peter | ||
| 245 |
_aThe Fiction Of Ian Mc Ewan _c/ Peter Childs |
||
| 250 | _a1st eed | ||
| 260 |
_aNew York _bPalgrave Macmillan _c2006 |
||
| 300 |
_a166p. : _c23cm |
||
| 650 | _afiction | ||
| 942 | _cENGLISH | ||
| 999 |
_c575991 _d575991 |
||